<?xml version="1.0" encoding="UTF-8"?>
<record
    xmlns:xsi="http://www.w3.org/2001/XMLSchema-instance"
    xsi:schemaLocation="http://www.loc.gov/MARC21/slim http://www.loc.gov/standards/marcxml/schema/MARC21slim.xsd"
    xmlns="http://www.loc.gov/MARC21/slim">

  <leader>01169nam2a22002771  4500</leader>
  <controlfield tag="001">v19\rc\2073984</controlfield>
  <controlfield tag="005">20250620042638.0</controlfield>
  <datafield tag="035" ind1=" " ind2=" ">
    <subfield code="a">(NLR Aleph) 005171138</subfield>
  </datafield>
  <datafield tag="090" ind1=" " ind2=" ">
    <subfield code="a">5070656</subfield>
    <subfield code="c">5070656</subfield>
  </datafield>
  <datafield tag="100" ind1=" " ind2=" ">
    <subfield code="a">20081218d1916    |||y0rusy50      ca</subfield>
  </datafield>
  <datafield tag="101" ind1="1" ind2=" ">
    <subfield code="a">rus</subfield>
    <subfield code="c">ben</subfield>
    <subfield code="c">ben</subfield>
  </datafield>
  <datafield tag="102" ind1=" " ind2=" ">
    <subfield code="a">RU</subfield>
  </datafield>
  <datafield tag="105" ind1=" " ind2=" ">
    <subfield code="a">y   z   |||||</subfield>
  </datafield>
  <datafield tag="200" ind1="1" ind2=" ">
    <subfield code="a">1. &#x41B;&#x438;&#x440;&#x438;&#x43A;&#x430; &#x43B;&#x44E;&#x431;&#x432;&#x438; &#x438; &#x436;&#x438;&#x437;&#x43D;&#x438;. (&#x421;&#x430;&#x434;&#x43E;&#x432;&#x43D;&#x438;&#x43A;)</subfield>
    <subfield code="a">2. &#x427;&#x438;&#x442;&#x440;&#x430;</subfield>
    <subfield code="f">&#x41F;&#x435;&#x440;. &#x412;. &#x421;&#x43F;&#x430;&#x441;&#x441;&#x43A;&#x43E;&#x439;</subfield>
  </datafield>
  <datafield tag="210" ind1=" " ind2=" ">
    <subfield code="d">[1916]</subfield>
    <subfield code="a">&#x411;. &#x43C;.</subfield>
  </datafield>
  <datafield tag="215" ind1=" " ind2=" ">
    <subfield code="a">191 &#x441;.</subfield>
  </datafield>
  <datafield tag="300" ind1=" " ind2=" ">
    <subfield code="a">&#x41E;&#x431;&#x449;. &#x437;&#x430;&#x433;&#x43B;. &#x43E;&#x442;&#x441;&#x443;&#x442;&#x441;&#x442;&#x432;&#x443;&#x435;&#x442;</subfield>
  </datafield>
  <datafield tag="461" ind1=" " ind2="0">
    <subfield code="1">001v19\rc\2073981</subfield>
    <subfield code="1">2001#$a&#x421;&#x43E;&#x431;&#x440;&#x430;&#x43D;&#x438;&#x435; &#x441;&#x43E;&#x447;&#x438;&#x43D;&#x435;&#x43D;&#x438;&#x439;$f&#x420;&#x430;&#x431;&#x438;&#x43D;&#x434;&#x440;&#x430;&#x43D;&#x430;&#x442; &#x422;&#x430;&#x433;&#x43E;&#x440;$v[&#x41A;&#x43D;. 3]</subfield>
    <subfield code="1">700#1$a&#x422;&#x430;&#x433;&#x43E;&#x440;$b&#x420;.$f1861-1941$g&#x420;&#x430;&#x431;&#x438;&#x43D;&#x434;&#x440;&#x430;&#x43D;&#x430;&#x442;</subfield>
    <subfield code="9">5070633</subfield>
    <subfield code="a">&#x422;&#x430;&#x433;&#x43E;&#x440;, &#x420;. (1861-1941)</subfield>
    <subfield code="c">&#x41C;&#x43E;&#x441;&#x43A;&#x432;&#x430;</subfield>
    <subfield code="d">[1916]-[1917]</subfield>
    <subfield code="e">2-&#x435; &#x438;&#x437;&#x434;. &#x41A;&#x43D;. 1-</subfield>
    <subfield code="f">&#x420;&#x430;&#x431;&#x438;&#x43D;&#x434;&#x440;&#x430;&#x43D;&#x430;&#x442; &#x422;&#x430;&#x433;&#x43E;&#x440;</subfield>
    <subfield code="n">&#x421;&#x43E;&#x432;&#x440;&#x435;&#x43C;. &#x43F;&#x440;&#x43E;&#x431;&#x43B;&#x435;&#x43C;&#x44B;</subfield>
    <subfield code="t">&#x421;&#x43E;&#x431;&#x440;&#x430;&#x43D;&#x438;&#x435; &#x441;&#x43E;&#x447;&#x438;&#x43D;&#x435;&#x43D;&#x438;&#x439;</subfield>
    <subfield code="v">[&#x41A;&#x43D;. 3]</subfield>
  </datafield>
  <datafield tag="517" ind1="0" ind2=" ">
    <subfield code="a">&#x41B;&#x438;&#x440;&#x438;&#x43A;&#x430; &#x43B;&#x44E;&#x431;&#x432;&#x438; &#x438; &#x436;&#x438;&#x437;&#x43D;&#x438;</subfield>
  </datafield>
  <datafield tag="517" ind1="0" ind2=" ">
    <subfield code="a">&#x421;&#x430;&#x434;&#x43E;&#x432;&#x43D;&#x438;&#x43A;</subfield>
  </datafield>
  <datafield tag="517" ind1="0" ind2=" ">
    <subfield code="a">&#x427;&#x438;&#x442;&#x440;&#x430;</subfield>
  </datafield>
  <datafield tag="801" ind1=" " ind2="0">
    <subfield code="a">RU</subfield>
    <subfield code="b">NLR</subfield>
    <subfield code="g">psbo</subfield>
  </datafield>
  <datafield tag="801" ind1=" " ind2="1">
    <subfield code="a">RU</subfield>
    <subfield code="b">ProSoft-M</subfield>
    <subfield code="2">rusmarc</subfield>
  </datafield>
  <datafield tag="852" ind1=" " ind2=" ">
    <subfield code="a">NLR</subfield>
    <subfield code="j">37.66.2.80(3)</subfield>
  </datafield>
  <datafield tag="942" ind1=" " ind2=" ">
    <subfield code="c">BOOK</subfield>
  </datafield>
  <datafield tag="980" ind1=" " ind2=" ">
    <subfield code="a">NB</subfield>
  </datafield>
  <datafield tag="995" ind1=" " ind2=" ">
    <subfield code="5">2013-10-26</subfield>
    <subfield code="b">NLR02</subfield>
    <subfield code="c">NLR02</subfield>
    <subfield code="e">RFS</subfield>
    <subfield code="f">5171138-10</subfield>
    <subfield code="k">37.66.2.80(3)</subfield>
    <subfield code="o">0</subfield>
    <subfield code="r">BOOK</subfield>
    <subfield code="s">37662803_</subfield>
  </datafield>
</record>
